000 01458nam a2200325 i 4500
003 EG-GICUC
005 20260121101441.0
008 251208s1977 ua ||||fr|||| 00| 0 ara d
017 _a1977/3056
020 _a9777283032
040 _a EG-GICUC
_bara
_c EG-GICUC
_d EG-GICUC
_erda
041 0 _aara
082 0 4 _221
_a343.382
_bم ح . ش
092 0 4 _221
099 _aLaw1 10 343.382 م ح . ش 1977
100 0 _aمحمد زكى أبو على
_eمؤلف.
245 1 0 _aشائبة الخطأ في الحكم الجنائی :
_bحاولة فقهية وعملية الإرساء نظرية عامة ٧ الخطأ المفترض الخط المحتمل الخطا في القانون الخطأ في الواقع وا الامن الاسنان والأمن الشكل والطرب إعادة الشكر والأمن العارية /
_cدكتور محمد زكى أبو على.
264 1 _aالإسكندرىة :
_b{دون دار نشر}،
_c1977.
300 _a569 صفحة ؛
_c24 سم.
336 _2rda content
_atext
337 _2rda media
_aComputer
338 _2rda carrier
_aOnline Resource
504 _a. 551-569 ببليوجرافيا: صفحات
546 _aالنص باللغة العربية
650 1 4 _aأركان وشروط الأحكام الجنائية
650 1 4 _aالقانون الجنائي
856 4 0 _uhttps://fll.law.cu.edu.eg/fulltext/bks/B10-05875.pdf
905 _a77
_eHassnaa
942 _2ddc
_cBK
_e21
_n0
999 _c49099
_d49099